[Event "Langley Labour Day op"]
[Site "Langley"]
[Date "2009.09.05"]
[Round "2.12"]
[White "Hartwig, Harry"]
[Black "Labik, Peter"]
[Result "1-0"]
[WhiteElo "1528"]
[BlackElo "1704"]
[PlyCount "20"]
[EventDate "2009.09.06"]
[EventType "swiss"]
[EventRounds "6"]
[EventCountry "CAN"]
[SourceTitle "EXT 2022"]
[Source "ChessBase"]
[SourceDate "2021.10.06"]
[SourceVersion "1"]
[SourceVersionDate "2021.10.06"]
[SourceQuality "1"]

1. Nf3 f5 2. c4 Nf6 3. g3 e6 4. Bg2 Be7 5. 0-0 0-0 6. d3 Nc6 7. a3 d6 8. b4 Ng4 9. Nc3 Bf6 10. Bb2 Rb8 1-0